| 000 | 00744pam a2200193 a 4500 | ||
|---|---|---|---|
| 020 | _a0309046572 | ||
| 082 | 0 | 0 |
_a380.5 _bNAT _cD |
| 245 | 0 | 0 | _aHazardous materials transportation, work-zone traffic control, and traffic marking materials. |
| 260 |
_aWashington, D.C. : _bTransportation Research Board, National Research Council, _c1987. |
||
| 300 |
_av, 67 p. : _bill. ; _c28 cm. |
||
| 526 |
_a0 _b0 _c0 _d380_500000000000000_NAT |
||
| 650 | 0 |
_aHazardous substances _xTransportation. _921578 |
|
| 650 | 0 |
_aMCE _9379 |
|
| 650 | 0 |
_aRoad markings. _921187 |
|
| 650 | 0 |
_aRoads _xMaintenance and repair _xSafety measures. _921131 |
|
| 650 | 0 |
_aTraffic signs and signals. _921132 |
|
| 710 | 2 |
_aNational Research Council (U.S.). _920017 |
|
| 942 |
_2ddc _cBK |
||
| 999 |
_c542944 _d542944 |
||